Begins and Ends with 'G' Quiz Stats

Quiz Updated Jul 13, 2012

Challenge
Share
Tweet
Embed
Score 0/18 Timer 05:00
14 Plays Today
Hint Answer % Correct
Oscar-winning WhoopiGoldberg
95.8%
Crips, Bloods, or Sugar HillGang
85%
A device designed to prevent speech; a joke or prankGag
84.3%
On TV, banging this instrument meant your act was doneGong
84.1%
Six more weeks of winter if this critter sees his shadow in FebruaryGroundhog
82.4%
Abraham Lincoln's famous addressGettysburg
79.7%
Chinese root found in teas and energy drinksGinseng
68.9%
Last name of baseball's original 'Iron Man' LouGehrig
67.8%
German for 'good day'Guten Tag
62.9%
Hint Answer % Correct
This rodent is a delicacy in the Andes and a pet in the USGuinea pig
52.9%
According to Dr. Dre and Snoop Dogg, it ain't Nuthin' but a...'G' Thang
49.6%
US Civil War era automatic gunGatling
42.1%
Soviet penal labor camp system or a playable level in Call of Duty: Modern Warfare 2Gulag
40%
Surname of the author of 'Lord of the Flies'Golding
31.2%
Funny Cide probably found no humor in being this type of castrated animalGelding
22.1%
Zero, nada, zippo or zilchGoose Egg
15.7%
The most populous province in ChinaGuangdong
8.3%
A pointed ear race from 'The Dark Crystal'Gelfling
4.1%

You're not logged in!

Compare scores with friends on all Sporcle quizzes.
Join for Free
OR
Log In

You Might Also Like...

Show Comments

Extras

Top Quizzes Today


Score Distribution

Your Account Isn't Verified!

In order to create a playlist on Sporcle, you need to verify the email address you used during registration. Go to your Sporcle Settings to finish the process.

Report this User

Report this user for behavior that violates our Community Guidelines.

Details: